000 00267nam a22001217a 4500
008 181017b xxu||||| |||| 00| 0 eng d
041 _aeng
080 _211 ed
_a510
100 _a37
101 _aMat
245 _aFinite Mathematics
_cSiegel.g
942 _2udc
_cBK
999 _c50008
_d50008